Tổng luận : Sự phân bố các trầm tích Carbonate ở Việt Nam và vai trò của chúng đối với sự phát triển kinh tế dân sinh

Guardado en:
Detalles Bibliográficos
Autor principal: Ngô, Ngọc Cát
Formato: Libro
Lenguaje:Undetermined
Publicado: Hà Nội Trung tâm khoa học tự nhiên và công nghệ quốc gia. Trung tâm thông tin tư liệu 1998
Materias:
Etiquetas: Agregar Etiqueta
Sin Etiquetas, Sea el primero en etiquetar este registro!
Thư viện lưu trữ: Trung tâm Học liệu Trường Đại học Cần Thơ
LEADER 00844nam a2200205Ia 4500
001 CTU_131932
008 210402s9999 xx 000 0 und d
082 |a 551.447 
082 |b C110 
100 |a Ngô, Ngọc Cát 
245 0 |a Tổng luận : 
245 0 |b Sự phân bố các trầm tích Carbonate ở Việt Nam và vai trò của chúng đối với sự phát triển kinh tế dân sinh 
245 0 |c Ngô Ngọc Cát 
260 |a Hà Nội 
260 |b Trung tâm khoa học tự nhiên và công nghệ quốc gia. Trung tâm thông tin tư liệu 
260 |c 1998 
650 |a Rocks, Carbonate,Karst,Đá, Carbonate,Đá vôi 
650 |z Viet Nam,Viet Nam,Việt Nam,Việt Nam 
904 |i Minh 
980 |a Trung tâm Học liệu Trường Đại học Cần Thơ